000 00268 a2200097 4500
001 125544
040 _cEscola Canadense de Niteroi
100 _aAntunes, Celso
245 1 0 _aProfessor Bonzinho = Aluno Difícil - A Questão Da Indisciplina Em Sala De Aula
942 _cREF
999 _c125544
_d125544